Attack in the West; (Record no. 551515)
[ view plain ]
| 000 -LEADER | |
|---|---|
| fixed length control field | 00481cam a2200157u 4500 |
| 082 ## - DEWEY DECIMAL CLASSIFICATION NUMBER | |
| Classification number | 355.02 |
| Author Mark | JAC |
| -- | L-30 II, P-79 |
| 100 1# - MAIN ENTRY--PERSONAL NAME | |
| Personal name | Jackson, W. G. F. |
| 9 (RLIN) | 48651 |
| 245 10 - TITLE STATEMENT | |
| Title | Attack in the West; |
| 260 ## - PUBLICATION, DISTRIBUTION, ETC. | |
| Place of publication, distribution, etc. | London, |
| Name of publisher, distributor, etc. | Eyre & Spottiswoode, |
| Date of publication, distribution, etc. | 1953. |
| 300 ## - PHYSICAL DESCRIPTION | |
| Extent | p. cm. |
| 526 ## - STUDY PROGRAM INFORMATION NOTE | |
| Program name | 0 |
| Interest level | 0 |
| Reading level | 0 |
| Title point value | 355_020000000000000_JAC |
| 526 ## - STUDY PROGRAM INFORMATION NOTE | |
| Program name | 0 |
| Interest level | 0 |
| Reading level | 0 |
| Title point value | 355_020000000000000_JAC |
| 650 #0 - SUBJECT ADDED ENTRY--TOPICAL TERM | |
| Topical term or geographic name entry element | First Coalition, War of the, 1792-1797 |
| General subdivision | Campaigns |
| Geographic subdivision | Italy. |
| 9 (RLIN) | 48652 |
| 650 #0 - SUBJECT ADDED ENTRY--TOPICAL TERM | |
| Topical term or geographic name entry element | MCE |
| 9 (RLIN) | 379 |
| 942 ## - ADDED ENTRY ELEMENTS (KOHA) | |
| Source of classification or shelving scheme | |
| Koha item type | Book |
| Withdrawn status | Lost status | Source of classification or shelving scheme | Damaged status | Not for loan | Permanent Location | Current Location | Date acquired | Total Checkouts | Full call number | Barcode | Date last seen | Price effective from | Koha item type |
|---|---|---|---|---|---|---|---|---|---|---|---|---|---|
| Military College of Engineering (MCE) | Military College of Engineering (MCE) | 12/16/2014 | 355.02 JAC | MCE-11052 | 12/16/2014 | 12/16/2014 | Book | ||||||
| Military College of Engineering (MCE) | Military College of Engineering (MCE) | 12/16/2014 | 355.02 JAC | MCE-11050 | 12/16/2014 | 12/16/2014 | Book |
